Science Quiz

Random Science or Blitz Quiz

What Does 'X' Equal? Quiz Stats

 Plays Quiz Updated Mar 11, 2018

Challenge
Share
Tweet
Embed
Score 0/20 Timer 02:00
4 Plays Today
Question Answer Wrong Answers
x + 8 = 12 4
99.1%
2
0.3%
18
0.2%
20
0.4%
2x + 6 = 18 6
92.9%
8
0.7%
10
0.5%
12
1.4%
4x + 16 = 36 5
89%
4
2.6%
6
0.9%
8
0.7%
3x + 13 = 40 9
88.1%
6
1%
7
3.6%
8
1.3%
3x - 7 = 23 10
85.7%
9
1.3%
11
0.9%
12
0.8%
4x - 30 = 18 12
81.8%
8
2.4%
10
0.6%
14
2.7%
x - 19 = 21 40
80%
2
5.1%
4
0.5%
42
5.3%
5x + 18 = 73 11
78.2%
10
2.6%
12
2.6%
13
7.5%
2x - 8 = 8 8
77.2%
0
7.2%
4
4.8%
12
1%
3(x + 5) = 33 6
76.4%
5
1.7%
7
1.6%
9
2%
2(x + 4) = 26 9
75.8%
6
1.9%
7
2.6%
8
3.7%
5x - 20 = 25 9
75.3%
1
1.9%
5
3%
11
6.8%
5(x + 8) = 50 2
73.6%
3
0.8%
4
1%
5
1.3%
4(x + 6) = 32 2
73.4%
3
1.8%
4
1.8%
6
2%
2(x - 6) = 16 14
66.6%
12
3%
13
1.1%
15
1.2%
3(x - 5) = 6 7
64.3%
5
0.8%
6
1.3%
8
1.9%
4(x - 10) = 0 10
61.8%
8
0.8%
12
0.7%
14
1.4%
5(x - 9) = 15 12
56%
10
1.6%
11
1.2%
13
1.2%
6(x + 10) = 78 3
45.3%
4
2.9%
5
1.6%
6
3.5%
6(x - 9) = 24 13
41.7%
10
1.2%
11
1.2%
12
3.2%

You're not logged in!

Compare scores with friends on all Sporcle quizzes.
OR
Log In

You Might Also Like...

Show Comments

Extras

Top Quizzes Today


Score Distribution

Your Account Isn't Verified!

In order to create a playlist on Sporcle, you need to verify the email address you used during registration. Go to your Sporcle Settings to finish the process.

Report this User

Report this user for behavior that violates our Community Guidelines.

Details: